Auditoria de circuits administratius : anàlisi i propostes de millora / Antoni Puig-Pey i Saurí, Pere Guiu i Rius anàlisi i propostes de millora / Antoni Puig-Pey i Saurí, Pere Guiu i Rius
ISBN:
84-6076041-3
Descripción Física:
205 p. : il, taules, gràf., formularis ; 24 cm
Otros Autores:
Guiu Rius, Pere-Joan
MARC
| LEADER | 00000nam a2200000Ia 4500 | ||
|---|---|---|---|
| 001 | 15101 | ||
| 003 | BGR | ||
| 005 | 20260324175214.0 | ||
| 008 | 160829s2002 xx 000 0 cat d | ||
| 020 | |a 84-6076041-3 | ||
| 080 | |a C-2-293 | ||
| 100 | |a Puig-Pey Saurí, Antoni de Pàdua |9 20244 | ||
| 245 | |a Auditoria de circuits administratius : |b anàlisi i propostes de millora / Antoni Puig-Pey i Saurí, Pere Guiu i Rius | ||
| 260 | |a València : |b Associació d'Arxivers Valencians : |b Tiravol, |c 2002 | ||
| 300 | |a 205 p. : |b il, taules, gràf., formularis ; |c 24 cm | ||
| 590 | |a Glossari. | ||
| 590 | |a Bibliografia | ||
| 650 | |a Informació |x Sistemes d'emmagatzematge i recuperació |x Avaluació |9 20245 | ||
| 650 | |a Gestió de la informació |9 20246 | ||
| 700 | |a Guiu Rius, Pere-Joan |9 20247 | ||
| 710 | 1 | |9 70362 |a Associació d'Arxivers Valencians | |
| 901 | |a Arxiu | ||
| 942 | |n 1 |2 udc |c MON | ||
| 952 | |0 0 |1 0 |4 0 |6 C2293 |7 1 |9 41506 |a Arxiu |b Arxiu |d 2016-12-01 |l 0 |o C-2-293 |p 15101 |r 2016-12-01 00:00:00 |w 2016-12-01 |y ARXIU | ||
| 999 | |c 43314 |d 43314 | ||